Verbeck of Japan : (Record no. 187272)

000 -LEADER
fixed length control field 01250 a2200193 4500
003 - CONTROL NUMBER IDENTIFIER
control field Nust
005 - DATE AND TIME OF LATEST TRANSACTION
control field 20230202135452.0
010 ## - LIBRARY OF CONGRESS CONTROL NUMBER
LC control number 00006784
040 ## - CATALOGING SOURCE
Transcribing agency Nust
082 ## - DEWEY DECIMAL CLASSIFICATION NUMBER
Classification number 952,GRI
100 ## - MAIN ENTRY--PERSONAL NAME
Personal name Griffis, William Elliot,
9 (RLIN) 108529
245 ## - TITLE STATEMENT
Title Verbeck of Japan :
Remainder of title a citizen of no country; a life story of foundation work inaugurated by Guido Fridolin Verbeck /
Statement of responsibility, etc. William Elliot Griffis,
260 ## - PUBLICATION, DISTRIBUTION, ETC.
Place of publication, distribution, etc. New York, Chicago [etc.]
Name of publisher, distributor, etc. Fleming H. Revell company
Date of publication, distribution, etc. c1900
300 ## - PHYSICAL DESCRIPTION
Extent 376 p
Other physical details front.,
Dimensions plates,
Accompanying material ports.,
Type of unit facsim.
Size of unit 21 cm
505 ## - FORMATTED CONTENTS NOTE
Formatted contents note A Glance in Perspective (Page-17), The Koppel (Page-29), In the Land of Opportunity (Page-48) ,A Glance of old Japan (Page-69), In Nagasaki : First Impressions (Page-80), Political Upheaval (Page-100), The Doors Opening (Page-115), The Revolutions of 1868 (Page-142), Trip to Osaka (Page-157), Called to the Capital (Page-180), The Biographer in Tokio (Page-217), Among All Sports and Conditions of Men (Page-240), The Great Embassy to Christendom (Page-255), Decorated by the Emperor (Page-277), Preacher and Translator (Page-301), A Man Without a Country (Page-327), Weary with the March of Life (Page-348).
600 ## - SUBJECT ADDED ENTRY--PERSONAL NAME
Personal name Griffis, William Elliot,
9 (RLIN) 108529
650 ## - SUBJECT ADDED ENTRY--TOPICAL TERM
Topical term or geographic name entry element Japan
9 (RLIN) 108530
942 ## - ADDED ENTRY ELEMENTS (KOHA)
Source of classification or shelving scheme
Koha item type Book
Holdings
Withdrawn status Lost status Source of classification or shelving scheme Damaged status Not for loan Permanent Location Current Location Shelving location Date acquired Shelving control number Full call number Barcode Date last seen Price effective from Koha item type Public note
          Military College of Signals (MCS) Military College of Signals (MCS) General Stacks 12/12/2016 History 952,GRI MCS29579 12/08/2016 12/12/2016 Book Almirah No.61, Shelf No.2
© 2023 Central Library, National University of Sciences and Technology. All Rights Reserved.